| 000 | 00389cam a22001097a 4500 | ||
|---|---|---|---|
| 008 | 180718b xxu||||| |||| 00| 0 eng d | ||
| 082 | _aT19x5444 F | ||
| 245 |
_aKarnataka to-day basic facts _cby Bureau of Economics and Statistics, Karnataka |
||
| 260 |
_aBangalore _bBureau of Economics and Statistics _c |
||
| 500 | _aLibrary has 1974/75 | ||
| 700 | _aKarnataka. Bureau of Economics and Statistics | ||
| 999 |
_c488573 _d488573 |
||